000 01262nam a2200325 a 4500
001 000115772
003 CHAP
005 20220329144547.0
008 190703s2018 mx a sm |||||||spa d
010 _a112233
011 _a113205
040 _cCHAP
090 _aTesis
100 1 _aPizar Quiroz, Alejandro Marcelino.
_9136394
245 1 0 _aDinámica poblacional de Anastrepha oblicua (Macquart) en mango, en Tecpan de Galeana, Guerrero /
_h[En línea]
_cpor Alejandro Marcelino Pizar Quiroz.
260 _aChapingo, Méx. :
_bEl autor,
_c2018.
500 _aPara ver el contenido del material haga clic en la liga
502 _aTesis (Ing. Agr. Fitotecnista) -- Colegio Superior Agropecuario del Estado de Guerrero. Centro de Estudios Profesionales
590 _aBATCH-UPD
_b05
_c20190704
_lUCH01
_h1239
590 _aE8697GMM
_b05
_c20190703
_lUCH01
_h1312
590 _aE8697GMM
_b05
_c20190703
_lUCH01
_h1315
590 _aE8697GMM
_b05
_c20190703
_lUCH01
_h1502
590 _aE8697GMM
_b05
_c20190704
_lUCH01
_h1238
650 1 4 _aMango
_xPlagas
_xControl.
_970444
650 1 4 _aMosca de la fruta
_xControl
_zMéxico.
_9135757
856 _aFinding aid
_uhttp://10.13.5.2/tesis/sist115772.pdf
_zTeclea aquí
901 _aBK
942 _cTESIS
942 _n0
999 _c112233
_d112233